Normal view MARC view

Entry Personal Name

Number of records used in: 1

001 - CONTROL NUMBER

  • control field: 8626

003 - CONTROL NUMBER IDENTIFIER

  • control field: DLC

005 - DATE AND TIME OF LATEST TRANSACTION

  • control field: 20210702122750.0

008 - FIXED-LENGTH DATA ELEMENTS

  • fixed length control field: 810812n| azannaabn |a aaa

010 ## - LIBRARY OF CONGRESS CONTROL NUMBER

  • LC control number: n 81062366

035 ## - SYSTEM CONTROL NUMBER

  • System control number: (OCoLC)oca00607774

040 ## - CATALOGING SOURCE

  • Original cataloging agency: DLC
  • Language of cataloging: eng
  • Description conventions: rda
  • Transcribing agency: DLC
  • Modifying agency: DLC
  • Modifying agency: UkCU

046 ## - SPECIAL CODED DATES

  • Birth date: 1925

100 1# - HEADING--PERSONAL NAME

  • Personal name: Simmons, George F.
  • Fuller form of name: (George Finlay),
  • Dates associated with a name: 1925-

372 ## - FIELD OF ACTIVITY

  • Field of activity: Mathematics
  • Source of term: lcsh

373 ## - ASSOCIATED GROUP

  • Associated group: Colorado College
  • Source of term: naf

374 ## - OCCUPATION

  • Occupation: College teachers
  • Source of term: lcsh

375 ## - GENDER

  • Gender: male

377 ## - ASSOCIATED LANGUAGE

  • Language code: eng

378 ## - FULLER FORM OF PERSONAL NAME

  • Fuller form of personal name: George Finlay

400 1# - SEE FROM TRACING--PERSONAL NAME

  • Control subfield: nna
  • Personal name: Simmons, George Finlay,
  • Dates associated with a name: 1925-

670 ## - SOURCE DATA FOUND

  • Source citation: His Introduction to topology and modern analysis, 1963.

670 ## - SOURCE DATA FOUND

  • Source citation: Calculus with analytic geometry, 1995:
  • Information found: CIP t.p. (George F. Simmons; Colorado College, Colorado Springs)

670 ## - SOURCE DATA FOUND

  • Source citation: Calculus gems, 1992:
  • Information found: title page (George F. Simmons, Professor of Mathematics, Colorado College)

Powered by Koha